| 000 | 01200cam a2200253 4500 | ||
|---|---|---|---|
| 001 | WB3741-21 | ||
| 008 | 011031n2001 000 0 eng u | ||
| 035 | _a(Sirsi) u115404 | ||
| 245 | _aPlanners must do better to help farmers | ||
| 260 | _c2001 | ||
| 490 |
_aDTLR News Release _v(450) 23 October 2001 (4) |
||
| 520 | _aGovernment states that the planning system must help more to assist farmers to branch out into other businesses, on the launch of "The Implementation of National Planning Policy Guidance (PPG7) in Relation to the Diversification of Farm Businesses", a report into planning and farm diversification. The report found a disparity in the level of help councils were offering farmers to diversify into other business ventures. The report is priced £24, tel 01709 891318. View press release at http://www.dtlr.gov.uk/0110/0450.htm | ||
| 590 | _aWB | ||
| 650 | _aFARM DIVERSIFICATION | ||
| 650 | _aFARMERS | ||
| 650 | _aLOCAL PLANNING AUTHORITIES | ||
| 650 | _aPLANNING SYSTEM | ||
| 650 | _aAID | ||
| 650 | _aPLANNING DECISIONS | ||
| 650 | _aFARM BUSINESSES | ||
| 650 | _aPPG7 | ||
| 690 | _aENVIRONMENTAL AND LAND CONSULTANCY-PLANNING AND DEVELOPMENT | ||
| 942 | _n0 | ||
| 999 |
_c68726 _d68726 |
||